El derrumbe del modelo: la crisis de la economía de mercado en el Chile contemporáneo

保存先:
書誌詳細
第一著者: Mayol Miranda, Alberto (autor)
フォーマット: 図書
言語:スペイン語
出版事項: Santiago LOM 2012
版:2a. ed
シリーズ:Colección Ciencias Humanas
主題:
タグ: タグ追加
タグなし, このレコードへの初めてのタグを付けませんか!

MARC

LEADER 00000cam a2200000 a 4500
001 UCE7697
003 CL-VaPUC
008 150626e20120000cl |||||||||||||||||spa|d
020 |a 9789560004765 
082 0 4 |a 330.1  |b MAY  |2 21 
100 |a Mayol Miranda, Alberto  |e autor  |9 580389 
245 1 3 |a El derrumbe del modelo: la crisis de la economía de mercado en el Chile contemporáneo 
250 |a 2a. ed 
300 |a 215 p 
942 |c BK 
945 |d 20150626 15:30:00  |a gsalatino 
260 |a Santiago  |b LOM  |c 2012 
650 0 |a Economía   |9 255568 
650 0 |a Sociología   |9 255410 
650 0 |a Desarrollo económico y social   |9 256320 
650 0 |a Economía de mercado  |9 328785 
583 |a last modification  |c 20160801 12:21:44  |k Rodrigo Vera 
490 0 |a Colección Ciencias Humanas 
999 |c 359744  |d 359742 
952 |0 0  |1 0  |3 erb  |4 0  |6 330_100000000000000_MAY_2012  |7 0  |8 A  |9 469273  |a BIBGIM  |b BIBGIM  |i 5166373  |o 330.1 MAY 2012  |p 5166373  |r 2025-01-15  |w 2019-11-23  |y BK  |z Catalogado en:20150626  |k COM 
952 |0 0  |1 0  |3 erb  |4 0  |6 330_100000000000000_MAY_2012  |7 0  |8 A  |9 469274  |a BIBCUR  |b BIBCUR  |i 5335078  |o 330.1 MAY 2012  |p 5335078  |r 2025-04-22  |w 2019-11-23  |y BK  |z Catalogado en:20160807  |k MGC